| 000 | 00680cam a2200229 a 4500 | ||
|---|---|---|---|
| 001 | 50692 | ||
| 003 | BD-RjUL | ||
| 005 | 20211209075541.0 | ||
| 008 | 160828s1951 ii 000 0 eng | ||
| 035 | _a(BD-RjUL)50812 | ||
| 040 |
_aDLC _cCarP _dDLC _dBD-RjUL _beng |
||
| 041 | _aeng | ||
| 082 |
_223 _a370.954 _bNUS 1951 |
||
| 100 | 1 |
_aNurullah, Syed _d1898- _9151774 |
|
| 245 | 1 | 2 |
_aA students' history of education in India (1800-1947) / _c Syed Nurullah and J. P. Naik |
| 250 | _a2nd rev. ed. | ||
| 260 |
_aBombay : _bMacmillan, _c1951 |
||
| 300 |
_axiii, 366 p. ; _c22 cm. |
||
| 650 | 0 |
_aEducation _zIndia _xHistory. _9119570 |
|
| 700 | 1 |
_aNaik, J. P. _9150577 |
|
| 942 |
_2ddc _cBK |
||
| 999 |
_c50692 _d50692 |
||